000 00792nam a2200229 a 4500
999 _c3038
_d3038
001 3038
003 BD-JhCC
005 20180918134015.0
008 171109s2007 bg b||| |||| 001 0 ben d
020 _a9840746162
035 _a(BD-JhCC) 3038
040 _aBD-JhCC
_dBD-JhCC
041 _aben
082 _a940.27
_bKHA 2007
100 _aখান, মুহম্মদ আলী আসগর
245 _aআধুনিক ইউরোপের ইতিহাস :
_b (১৯৮৯-১৯১৯) /
_c মুহম্মদ আলী আসগর খান
260 _aঢাকা :
_bবাংলা একাডেমী,
_c২০০৭.
300 _a৪৬৯ পৃ. :
_c২২ সেমি.
650 _aEurope, History
_y1789-1919
942 _2ddc
_cBK
_01